000 00685nam a2200253Ia 4500
003 OSt
005 20221005093852.0
006 a|||||r|||| 00| 0
007 ta
008 221004b |||||||| |||| 00| 0 eng d
020 _a1 85973 150 3
024 _a47427
037 _cTextual
040 _aCRL
_cCRL
_beng
041 _2eng
_aeng
082 _aY744974, P0
100 _aHardman Charlotte E.
245 0 _aOther worlds
_b Notions of self and emotion among the Lohorung Rai
260 _aOxford
_bBerg
_c2000
300 _a315p.
_ccm.
650 _aSOCIOLOGY
942 _hY744974, P0
_cTEXL
_2cc
999 _c1001033
_d1001033